000 00931cam a2200289 a 4500
999 _c3611
_d3611
001 13506803
003 OSt
005 20191022115440.0
008 040301s2005 nyua 001 0 eng
010 _a 2004103077
020 _a071678694X
020 _a0716786907 (CD-ROM)
040 _aDLC
_cDLC
_dDLC
050 0 0 _aQB43.3
_b.F74 2005
082 0 0 _a523.1
_222
_b FRE 2005
100 1 _aFreedman, Roger A.; Kaufmann, William J.
_95660
245 1 0 _aUniverse
250 _a7th ed.
260 _aNew York :
_bW.H. Freeman,
_c2005.
300 _a1 v. (various pagings) :
_bcol.ill ;
_c28 cm. +
_e1 CD-ROM (4 3/4 in.)
500 _aIncludes index.
650 0 _aAstronomy
_vTextbooks.
_9398
650 0 _aCosmology
_vTextbooks.
_9399
906 _a7
_bcbc
_corigcop
_d3
_eepcn
_f20
_gy-gencatlg
942 _2ddc
_cSLOAN